Normal view MARC view
  • Alan Tye Design Ltd

Entry Corporate Name

Number of records used in: 1

001 - CONTROL NUMBER

  • control field: 4676

003 - CONTROL NUMBER IDENTIFIER

  • control field: SIRSI

005 - DATE AND TIME OF LATEST TRANSACTION

  • control field: 20190806150235.0

008 - FIXED-LENGTH DATA ELEMENTS

  • fixed length control field: 050222n| aaannaabn |n ana d

040 ## - CATALOGING SOURCE

  • Original cataloging agency: OSt
  • Transcribing agency: OSt

110 ## - HEADING--CORPORATE NAME

  • Corporate name or jurisdiction name as entry element: Alan Tye Design Ltd

670 ## - SOURCE DATA FOUND

  • Source citation: Metric handbook, 1999